O Jardim da Manga (Registo nº 200829)
[ vista simples ]
| 000 -Etiqueta do registo | |
|---|---|
| Valores | 00661nam 22002053 4500 |
| 010 ## - Número ISBN | |
| ISBN | 972-9411-53-0 |
| 021 ## - Número do Depósito Legal | |
| Código do país | Portugal |
| Número | 158510/00 |
| 100 ## - Dados gerais de processamento | |
| Dados gerais | 20260227d u||y0pory50 ba |
| 200 ## - Titulo e menção de responsabilidade | |
| Título próprio | O Jardim da Manga |
| Primeira menção de responsabilidade | António José Ferreira Quinteira |
| 210 ## - Publicação | |
| Local de publicação | Coimbra |
| Nome do editor | Grupo de Arqueologia e Arte do Centro |
| Data de publicação | 2000 |
| 215 ## - Descrição física | |
| Paginação / Volumes | 72 p. |
| Outras indicações físicas | il. ; brochado |
| Dimensões | 24 cm |
| 225 ## - Colecção | |
| Título próprio da colecção | Conheça a cidade, os seus monumentos, as suas gentes e as suas tradições |
| 606 ## - Nome comum usado como assunto | |
| ID Autoridade | 4600 |
| Palavra de ordem | Arquitetura |
| 675 ## - CDU | |
| Notação | 72 |
| Edição | PT |
| Língua | por |
| 700 ## - Autor principal (pessoa individual) | |
| ID Autoridade | 16539 |
| Apelido | Quinteira |
| Nome | António José Ferreira |
| Datas | 1945- |
| 801 ## - Fonte de origem | |
| País | PT |
| Agência | BMMN |
| Regras de catalogação | RPC |
| 830 ## - Notas gerais do catalogador | |
| Criado por | Vanda |
| 990 ## - Elementos KOHA | |
| Tipo de documento | Livro |
| Situação do levantamento | Biblioteca de origem | Código de barras | Cota | Permissão de empréstimo | Tipo de documento | Forma de aquisição |
|---|---|---|---|---|---|---|
| Biblioteca Municipal de Montemor-o-Novo | 30078 | 72 QUI|DEP | Livro | Compra |